[Event "14th 4NCL Congress"]
[Site "Wokefield"]
[Date "2017.07.15"]
[Round "2"]
[Board "7"]
[White "Hurst, Eddie"]
[Black "Wolf, Gabriel"]
[Result "0-1"]
[WhiteElo "1465"]
[BlackElo "1890"]
[PlyCount "110"]
[EventDate "2017.07.14"]
[EventRounds "5"]
[EventCountry "ENG"]

1. d4 Nf6 2. Bf4 d5 3. e3 c5 4. c3 Nc6 5. Bd3 e6 6. Nf3 cxd4 7. exd4 Nh5 8. Bg3
Nxg3 9. hxg3 g6 10. Nbd2 Bg7 11. Qe2 Bd7 12. Ne5 Nxe5 13. dxe5 Bc6 14. Nf3 Qe7
15. Nd4 Qg5 16. Nf3 Qe7 17. Qe3 f6 18. Rxh7 Rxh7 19. Bxg6+ Kd7 20. Bxh7 fxe5
21. O-O-O Rh8 22. Rh1 e4 23. Nd2 Bf8 24. Qf4 Rxh7 25. Rxh7 Qxh7 26. Qxf8 Qh1+
27. Kc2 Qxg2 28. Qf7+ Kd6 29. Qf4+ Kd7 30. Qe3 b6 31. Qf4 Qh2 32. b4 Qh7 33.
Kb2 Qf5 34. Qe3 Qf6 35. f3 d4 36. cxd4 exf3 37. Qf2 e5 38. dxe5 Qxe5+ 39. Kb1
Be4+ 40. Nxe4 Qxe4+ 41. Kc1 Ke6 42. Kd2 Kf5 43. a3 Qd5+ 44. Kc3 Qe5+ 45. Kd3
Qe4+ 46. Kd2 Kg4 47. Qh2 Qd4+ 48. Kc2 Qc4+ 49. Kd1 Qd3+ 50. Ke1 Qb1+ 51. Kf2
Qc2+ 52. Kg1 Qxh2+ 53. Kxh2 b5 54. Kg1 Kxg3 55. Kf1 f2 0-1

[Event "14th 4NCL Congress"]
[Site "Wokefield"]
[Date "2017.07.15"]
[Round "2"]
[Board "8"]
[White "Portman, Carl S"]
[Black "Bovtramovics, Vladimirs"]
[Result "1-0"]
[WhiteElo "1887"]
[BlackElo "1744"]
[PlyCount "55"]
[EventDate "2017.07.14"]
[EventRounds "5"]
[EventCountry "ENG"]

1. e4 c5 2. Nc3 e5 3. d3 Be7 4. f4 Nc6 5. fxe5 Nxe5 6. Nf3 d6 7. Be2 Nf6 8. O-O
O-O 9. Nxe5 dxe5 10. Be3 Be6 11. b3 Qd7 12. a4 Ng4 13. Bxg4 Bxg4 14. Qe1 Rac8
15. Qg3 f6 16. Nd5 Bd8 17. h3 Be6 18. c4 Bxd5 19. cxd5 Ba5 20. Rac1 b6 21. Rc2
Rc7 22. Rcf2 Qd6 23. Rc2 Bb4 24. Qg4 Rb8 25. Rfc1 Rcb7 26. d4 cxd4 27. Rc8+ Kf7
28. Qh5+ 1-0

[Event "14th 4NCL Congress"]
[Site "Wokefield"]
[Date "2017.07.15"]
[Round "2"]
[Board "9"]
[White "Rahman, K Azizur"]
[Black "Jaufarally, Nadia"]
[Result "1/2-1/2"]
[WhiteElo "1882"]
[BlackElo "1657"]
[PlyCount "89"]
[EventDate "2017.07.14"]
[EventRounds "5"]
[EventCountry "ENG"]

1. c4 Nf6 2. Nc3 g6 3. e4 d6 4. d4 Bg7 5. Bd3 O-O 6. Nge2 Nc6 7. f4 Nd7 8. Be3
Nb4 9. O-O c5 10. Rc1 cxd4 11. Nxd4 Nxd3 12. Qxd3 Nc5 13. Qd2 a5 14. Rfd1 Bg4
15. Re1 Bd7 16. h3 a4 17. Red1 Qa5 18. Qc2 f5 19. exf5 Bxd4 20. Bxd4 Bxf5 21.
Qe2 Rf7 22. Nd5 Be6 23. Be3 Bxd5 24. Rxd5 b6 25. Rcd1 a3 26. b3 Qc3 27. Bc1
Nxb3 28. axb3 a2 29. Bb2 a1=Q 30. Bxa1 Rxa1 {(=)} 31. Rxa1 Qxa1+ 32. Kh2 Qf6
33. g3 Qc3 34. Rd3 Qa5 35. Rd5 Qc3 36. Rb5 Qd4 37. Kg2 Rf5 38. Qe6+ Rf7 39. h4
Qd2+ 40. Kh3 Qf2 41. Qd5 Qe3 42. h5 Kg7 43. hxg6 hxg6 44. Qg5 Qg1 45. Kg4
 1/2-1/2

[Event "14th 4NCL Congress"]
[Site "Wokefield"]
[Date "2017.07.15"]
[Round "2"]
[Board "10"]
[White "Price, Andrew"]
[Black "Lee, Anthony Kh"]
[Result "0-1"]
[WhiteElo "1805"]
[BlackElo "1975"]
[PlyCount "64"]
[EventDate "2017.07.14"]
[EventRounds "5"]
[EventCountry "ENG"]

1. e4 c5 2. Nf3 d6 3. Bb5+ Nc6 4. Bxc6+ bxc6 5. b3 Nf6 6. Qe2 e5 7. O-O Be7 8.
Bb2 O-O 9. d3 Nh5 10. g3 Bg4 11. Kg2 Qc8 12. Re1 f5 13. Nbd2 Bg5 14. exf5 Bxd2
15. Qxd2 Qxf5 16. Ng1 Bf3+ 17. Nxf3 Qxf3+ 18. Kg1 Rf6 19. Qe2 Qf5 20. Bc1 Raf8
21. Be3 Rg6 22. Qf1 Nf6 23. Qg2 Nd5 24. Rf1 h5 25. Rae1 h4 26. c4 Nb4 27. Qe4
Nxd3 28. Qxf5 Rxf5 29. Rd1 e4 30. Kg2 Kf7 31. f3 exf3+ 32. Rxf3 h3+ 0-1

[Event "14th 4NCL Congress"]
[Site "Wokefield"]
[Date "2017.07.15"]
[Round "2"]
[Board "11"]
[White "Mclaren, Charlie"]
[Black "Crockart, George N"]
[Result "0-1"]
[WhiteElo "1795"]
[BlackElo "1928"]
[PlyCount "78"]
[EventDate "2017.07.14"]
[EventRounds "5"]
[EventCountry "ENG"]

1. d4 f5 2. c4 Nf6 3. Nc3 e6 4. g3 Bb4 5. Bg2 O-O 6. Nf3 Ne4 7. Qc2 Nc6 8. O-O
Bxc3 9. bxc3 b6 10. Ba3 Re8 11. Nd2 Nxd2 12. Qxd2 Bb7 13. Qc2 Na5 14. Bxb7 Nxb7
15. e4 Qf6 16. Rfe1 d6 17. exf5 Qxf5 18. Qxf5 exf5 19. Kg2 Kf7 20. Kf3 Na5 21.
c5 Nc4 22. Rxe8 Rxe8 23. Bc1 Re1 24. cxd6 cxd6 25. h4 d5 26. a4 a5 27. Kg2 Ke6
28. Kf3 Nd2+ 29. Kf4 h6 30. f3 g5+ 31. hxg5 hxg5+ 32. Kxg5 Nxf3+ 33. Kf4 Nd2
34. Bb2 Re4+ 35. Kg5 Rg4+ 36. Kh5 Rxg3 37. Re1+ Ne4 38. Kh4 Rg2 39. Rb1 Rh2#
 0-1

[Event "14th 4NCL Congress"]
[Site "Wokefield"]
[Date "2017.07.15"]
[Round "2"]
[Board "12"]
[White "Manning, Peter A"]
[Black "Whitehead, Mark A"]
[Result "0-1"]
[WhiteElo "1787"]
[BlackElo "1917"]
[PlyCount "92"]
[EventDate "2017.07.14"]
[EventRounds "5"]
[EventCountry "ENG"]

1. d4 Nf6 2. Nf3 b6 3. g3 Bb7 4. Bg2 d6 5. c4 Nbd7 6. Nc3 e6 7. b3 Be7 8. Bb2
O-O 9. O-O Ne4 10. Qc2 f5 11. Rad1 Ndf6 12. Nd2 Nxc3 13. Bxc3 Bxg2 14. Kxg2 Qd7
15. e4 f4 16. Qd3 d5 17. e5 Ng4 18. Qf3 h5 19. h3 fxg3 20. Qxg3 Nh6 21. f4 Nf5
22. Qd3 c5 23. Nf3 Rad8 24. Rf2 Qc6 25. Kh2 dxc4 26. bxc4 cxd4 27. Nxd4 Nxd4
28. Bxd4 Bc5 29. Qe3 Rxd4 30. Rxd4 Bxd4 31. Qxd4 Qc5 32. Rd2 Qxd4 33. Rxd4 Rc8
34. a4 Rc7 35. Kg3 Kf7 36. Kf3 Ke7 37. Ke4 Rc5 38. Kd3 Ra5 39. c5 Rxc5 40. Rc4
Rxc4 41. Kxc4 a6 42. h4 Kf7 43. Kd3 Kg6 44. Ke4 b5 45. axb5 axb5 46. Kd4 Kf5
 0-1

[Event "14th 4NCL Congress"]
[Site "Wokefield"]
[Date "2017.07.15"]
[Round "2"]
[Board "13"]
[White "Reid, Patrick D"]
[Black "Ansari, Athar"]
[Result "1-0"]
[WhiteElo "1775"]
[BlackElo "1904"]
[PlyCount "141"]
[EventDate "2017.07.14"]
[EventRounds "5"]
[EventCountry "ENG"]

1. d4 Nf6 2. c4 e6 3. Nf3 b6 4. g3 Bb7 5. Bg2 c5 6. e3 Ne4 7. O-O Be7 8. Nc3
O-O 9. Qc2 Nxc3 10. bxc3 d6 11. e4 Nc6 12. Be3 Rc8 13. d5 Na5 14. Nd2 e5 15.
Qd3 Qd7 16. a4 Rce8 17. f4 exf4 18. gxf4 f5 19. e5 dxe5 20. fxe5 Bd8 21. e6
Rxe6 22. Rxf5 Rg6 23. Rxf8+ Kxf8 24. Rf1+ Bf6 25. Kh1 Ba6 26. Be4 Qxa4 27. Bxg6
hxg6 28. Qxg6 Nxc4 29. Bh6 Ke7 {(=)} 30. Bxg7 Bxg7 31. Qxg7+ Kd6 32. Ne4+ Kxd5
33. Nf6+ Ke6 34. Re1+ Ne5 35. Nh5 Be2 36. Qf6+ Kd7 37. Qxe5 Bf3+ 38. Kg1 Qg4+
39. Ng3 Kc6 40. Qe6+ Kb5 41. Qxg4 Bxg4 42. Re4 Bf3 43. Rf4 Bd1 44. Kf2 a5 45.
Ke1 Bb3 46. Kd2 a4 47. Kc1 a3 48. Ne4 Bg8 49. Kb1 c4 50. Ka2 Ka4 51. Rf8 Bd5
52. Nd2 b5 53. Nb1 b4 54. Nxa3 bxa3 55. Rf6 Be4 56. Ra6+ Kb5 57. Rxa3 Bd3 58.
Kb2 Kc6 59. h4 Kd6 60. Ra5 Ke6 61. h5 Kf6 62. Ka3 Bf5 63. Kb4 Bd3 64. Kc5 Ke7
65. h6 Kf6 66. Ra6+ Kg5 67. Kd5 Bg6 68. Kxc4 Kxh6 69. Kd5 Kg5 70. Rxg6+ Kxg6
71. Ke6 1-0

[Event "14th 4NCL Congress"]
[Site "Wokefield"]
[Date "2017.07.15"]
[Round "2"]
[Board "14"]
[White "Lucey, Michael"]
[Black "Woodward, Tim F"]
[Result "0-1"]
[WhiteElo "1765"]
[BlackElo "1901"]
[PlyCount "38"]
[EventDate "2017.07.14"]
[EventRounds "5"]
[EventCountry "ENG"]

1. e4 e5 2. Bc4 Nf6 3. d3 c6 4. Nf3 d5 5. exd5 cxd5 6. Bb5+ Bd7 7. Bxd7+ Nbxd7
8. O-O Bd6 9. Nc3 a6 10. Bg5 Qc7 11. h3 O-O 12. Re1 Rfe8 13. a3 Rac8 14. Rc1 b5
15. Ne2 h6 16. Bd2 Nb6 17. Ba5 Qb7 18. Bxb6 Qxb6 19. Ng3 e4 0-1

[Event "14th 4NCL Congress"]
[Site "Wokefield"]
[Date "2017.07.15"]
[Round "2"]
[Board "15"]
[White "Burrows, Nick"]
[Black "Merriman, James"]
[Result "1-0"]
[WhiteElo "1888"]
[BlackElo "1496"]
[PlyCount "77"]
[EventDate "2017.07.14"]
[EventRounds "5"]
[EventCountry "ENG"]

1. Nf3 Nf6 2. c4 b6 3. g3 Bb7 4. Bg2 e6 5. O-O Be7 6. d4 O-O 7. b3 c5 8. Nc3
cxd4 9. Qxd4 d6 10. Rd1 Nbd7 11. Bb2 e5 12. Qd2 Nc5 13. Rac1 a5 14. Ne1 Bxg2
15. Nxg2 Qd7 16. Ne3 Qh3 17. Ncd5 Nxd5 18. Nxd5 Bd8 19. Ne3 Bc7 20. Qd5 Rfe8
21. Qg2 Qh5 22. Rd2 Rad8 23. Rcd1 Ne6 24. Qf3 Qxf3 25. exf3 Ng5 26. Kg2 e4 27.
fxe4 Nxe4 28. Rd4 h6 29. Nf5 Re6 30. Nxg7 Kxg7 31. Rxd6+ Kf8 32. Rxd8+ Bxd8 33.
Rxd8+ Ke7 34. Rd5 Nf6 35. Re5 Rxe5 36. Bxe5 Nd7 37. Bc7 Ke6 38. f4 Kf5 39. Kf3
 1-0

[Event "14th 4NCL Congress"]
[Site "Wokefield"]
[Date "2017.07.15"]
[Round "2"]
[Board "16"]
[White "Adaway, William"]
[Black "Beckett, Richard"]
[Result "1-0"]
[WhiteElo "1876"]
[BlackElo "1620"]
[PlyCount "99"]
[EventDate "2017.07.14"]
[EventRounds "5"]
[EventCountry "ENG"]

1. e4 c5 2. Nc3 Nc6 3. g3 d6 4. Bg2 Nf6 5. Nge2 e5 6. d3 Be7 7. O-O O-O 8. h3
h6 9. f4 exf4 10. Nxf4 Nd4 11. Nce2 Nxe2+ 12. Qxe2 Bd7 13. Bd2 Rb8 14. Kh2 b5
15. Rae1 Re8 16. Qf2 b4 17. Nd5 Be6 18. Nxe7+ Qxe7 19. d4 Bc4 20. Rg1 a5 21. b3
Bb5 22. c4 Bd7 23. e5 dxe5 24. Rxe5 Qd6 25. Rxe8+ Rxe8 26. dxc5 Qe5 27. Re1 Qb2
28. Rxe8+ Bxe8 29. Be3 Qb1 30. c6 Ne4 31. Bxe4 Qxe4 32. c7 Bd7 33. Bf4 Kh7 34.
Qe3 Qc2+ 35. Qd2 Qf5 36. g4 Qe6 37. Qe3 Qc6 38. Qd3+ Kh8 39. Qd5 Qf6 40. Qxd7
Qxf4+ 41. Kg2 Qe4+ 42. Kf2 Qf4+ 43. Ke2 Qe4+ 44. Kd2 Qg2+ 45. Kd3 Qg3+ 46. Ke4
Qe1+ 47. Kd5 Qd1+ 48. Kc6 Qf3+ 49. Kb6 Qf2+ 50. c5 1-0

[Event "14th 4NCL Congress"]
[Site "Wokefield"]
[Date "2017.07.15"]
[Round "2"]
[Board "17"]
[White "Forster, James Connor C"]
[Black "Verma, Shlok"]
[Result "1-0"]
[WhiteElo "1862"]
[BlackElo "1475"]
[PlyCount "67"]
[EventDate "2017.07.14"]
[EventRounds "5"]
[EventCountry "ENG"]

1. d4 d5 2. c4 dxc4 3. Nf3 Nf6 4. e3 e6 5. Bxc4 a6 6. a4 c5 7. O-O cxd4 8. Nxd4
Bc5 9. Nb3 Qxd1 10. Rxd1 Be7 11. Nc3 O-O 12. e4 Nc6 13. Bf4 e5 14. Be3 Bg4 15.
f3 Bh5 16. Bb6 Bd8 17. Bf2 Be7 18. Nc5 Bxc5 19. Bxc5 Rfd8 20. Bb6 Rd7 21. Nd5
Nxd5 22. Bxd5 Nb4 23. Bb3 Rxd1+ 24. Rxd1 Nc6 25. Rd7 Rb8 26. h4 Bg6 27. Bd5 Kf8
28. Rc7 Ke8 29. Kf2 h5 30. Ke2 Nd8 31. Ba7 Ra8 32. Bc5 Rb8 33. Re7+ Kf8 34.
Rxb7+ 1-0

[Event "14th 4NCL Congress"]
[Site "Wokefield"]
[Date "2017.07.15"]
[Round "2"]
[Board "18"]
[White "Piecha, Lukasz Marek"]
[Black "De Coverly, Roger D"]
[Result "1-0"]
[WhiteElo "1752"]
[BlackElo "1971"]
[PlyCount "47"]
[EventDate "2017.07.14"]
[EventRounds "5"]
[EventCountry "ENG"]

1. d4 Nf6 2. c4 g6 3. Nc3 d5 4. Nf3 Bg7 5. e3 O-O 6. cxd5 Nxd5 7. Be2 c5 8. O-O
Nc6 9. Bc4 Nb6 10. Bb3 cxd4 11. Nb5 dxe3 12. Qe2 a6 13. Rd1 exf2+ 14. Qxf2 Nd7
15. Nbd4 Nxd4 16. Nxd4 e5 17. Nf3 Qc7 18. Be3 b6 19. Rac1 Qb8 20. Ng5 Nc5 21.
Bxc5 bxc5 22. Nxf7 Ra7 23. Nxe5+ Kh8 24. Nxg6+ 1-0

[Event "14th 4NCL Congress"]
[Site "Wokefield"]
[Date "2017.07.15"]
[Round "2"]
[Board "19"]
[White "Gawne, Martin P"]
[Black "Coburn, Joseph A"]
[Result "1/2-1/2"]
[WhiteElo "1964"]
[BlackElo "1755"]
[PlyCount "40"]
[EventDate "2017.07.14"]
[EventRounds "5"]
[EventCountry "ENG"]

1. f4 d5 2. Nf3 c5 3. d3 Nc6 4. c3 Nf6 5. Qc2 Bf5 6. Nbd2 Ng4 7. Nb3 e6 8. e4
Bg6 9. h3 Nf6 10. Be3 dxe4 11. dxe4 Bxe4 12. Qe2 b6 13. Nfd2 Bd6 14. Nxe4 Nxe4
15. Qf3 Qh4+ 16. Kd1 f5 17. Bd3 Qf6 18. Bxe4 fxe4 19. Qxe4 Rc8 20. Ke2 Qf5
 1/2-1/2

[Event "14th 4NCL Congress"]
[Site "Wokefield"]
[Date "2017.07.15"]
[Round "2"]
[Board "20"]
[White "Ter-Gevorkian, Aram"]
[Black "Langham, Rod E"]
[Result "1-0"]
[WhiteElo "1927"]
[BlackElo "1699"]
[PlyCount "97"]
[EventDate "2017.07.14"]
[EventRounds "5"]
[EventCountry "ENG"]

1. e4 e6 2. d4 d5 3. Nc3 Bb4 4. e5 Ne7 5. a3 Bxc3+ 6. bxc3 c5 7. Qg4 Qc7 8. Bd2
cxd4 9. cxd4 Qxc2 10. Be2 Qg6 11. Qh3 Qf5 12. Qc3 Nbc6 13. f3 Qg6 14. g4 f6 15.
Bd3 Qf7 16. exf6 Qxf6 17. Ne2 Bd7 18. Rb1 b6 19. O-O O-O 20. Bf4 Ng6 21. Bd6
Rfe8 22. Bb5 Rac8 23. Ba6 Nxd4 24. Qxd4 Qxd4+ 25. Nxd4 Rc3 26. Rb3 Rxb3 27.
Nxb3 e5 28. Re1 Kf7 29. Bd3 Nf4 30. Bf1 Kf6 31. Nc1 g5 32. Nd3 Ng6 {(=)} 33. h3
Bc6 34. Nb4 Bb7 35. Rc1 d4 36. Kf2 Ke6 37. Bc7 Rf8 38. Bc4+ Kd7 39. Be2 e4 40.
Bg3 e3+ 41. Kg2 Nf4+ 42. Bxf4 Rxf4 43. Kg3 h6 44. h4 a5 45. hxg5 hxg5 46. Nd3
Rf6 47. Ne5+ Kd6 48. Nc4+ Kd7 {(=)} 49. Rd1 1-0

[Event "14th 4NCL Congress"]
[Site "Wokefield"]
[Date "2017.07.15"]
[Round "2"]
[Board "21"]
[White "Lovell, William Pm"]
[Black "Ireland, David J"]
[Result "0-1"]
[WhiteElo "1678"]
[BlackElo "1922"]
[PlyCount "72"]
[EventDate "2017.07.14"]
[EventRounds "5"]
[EventCountry "ENG"]

1. d4 Nf6 2. Bf4 c5 3. e3 e6 4. c3 d5 5. Nf3 Qb6 6. Qc2 Nh5 7. Bg3 h6 8. Nbd2
Nc6 9. Nb3 Nxg3 10. hxg3 c4 11. Nbd2 Be7 12. e4 Qa5 13. Be2 b5 14. O-O O-O 15.
a3 Qb6 16. Rfe1 {(=)} Bd7 17. Bf1 a5 18. exd5 exd5 19. Ne5 Nxe5 20. Rxe5 Be6
21. Nf3 Bf6 22. Ree1 b4 23. axb4 axb4 24. Reb1 g6 25. Qd2 Bf5 26. Rc1 bxc3 27.
bxc3 Kg7 28. Nh4 Be4 29. f3 Bg5 30. f4 Bxh4 31. gxh4 Rfb8 32. Qe1 Qe6 33. Be2 {
(=)} Rxa1 34. Rxa1 Rb2 35. Bf1 Qg4 36. g3 Qf3 0-1

[Event "14th 4NCL Congress"]
[Site "Wokefield"]
[Date "2017.07.15"]
[Round "2"]
[Board "22"]
[White "Nwachukwu, Chino"]
[Black "Di-Vetta, Andrew"]
[Result "1-0"]
[WhiteElo "1904"]
[BlackElo "1605"]
[PlyCount "105"]
[EventDate "2017.07.14"]
[EventRounds "5"]
[EventCountry "ENG"]

1. e4 c5 2. Nf3 d6 3. d4 cxd4 4. Nxd4 Nf6 5. Nc3 a6 6. Bc4 e6 7. O-O Be7 8. f4
b5 9. Bb3 O-O 10. e5 dxe5 11. fxe5 Nd5 12. Qg4 f5 13. exf6 Nxf6 14. Nxe6 Qb6+
15. Qd4 Qxd4+ 16. Nxd4+ Kh8 17. Bf4 Bc5 18. Nce2 Nc6 19. c3 Bg4 20. Kh1 Bxe2
21. Nxe2 Ng4 22. h3 Nf2+ 23. Kh2 Nd3 24. Bd5 Rac8 25. b4 Nxf4 26. Nxf4 Bd6 27.
g3 Ne5 28. Ne2 Nc4 29. Rxf8+ Rxf8 30. Bxc4 bxc4 31. Kg2 Re8 32. Nd4 g6 33. a4
Re3 34. b5 Rxg3+ 35. Kf2 Rxc3 36. Ne6 axb5 37. axb5 h6 38. Rd1 Be5 39. Rd5 Bf6
40. Nc5 Rc2+ 41. Ke3 Rb2 42. Nd7 Bg5+ 43. Kd4 Rb3 44. Kxc4 Rxh3 45. b6 Rh1 46.
b7 Rc1+ 47. Kd3 Rd1+ 48. Kc2 Rc1+ 49. Kb2 Bf4 50. Ne5 Kg7 51. b8=Q Rf1 52. Qb7+
Kf6 53. Qa6+ 1-0

[Event "14th 4NCL Congress"]
[Site "Wokefield"]
[Date "2017.07.15"]
[Round "2"]
[Board "23"]
[White "Dray-Pearce, Tristan"]
[Black "David, Ivan"]
[Result "1/2-1/2"]
[WhiteElo "1633"]
[BlackElo "1887"]
[PlyCount "71"]
[EventDate "2017.07.14"]
[EventRounds "5"]
[EventCountry "ENG"]

1. e4 d6 2. d4 Nf6 3. Nc3 Nbd7 4. f4 e5 5. dxe5 dxe5 6. fxe5 Nxe5 7. Qxd8+ Kxd8
8. Nf3 Nxf3+ 9. gxf3 Bb4 10. Bd2 c6 11. O-O-O Ke8 12. Bc4 Be6 13. Bxe6 fxe6 14.
Ne2 Bxd2+ 15. Rxd2 Rd8 16. Nd4 Ke7 17. Rhd1 g6 18. Ne2 Rxd2 19. Rxd2 e5 20. c4
Rf8 21. Rd3 {(=)} Nh5 22. Kd2 Rd8 23. Rxd8 Kxd8 24. Ke3 g5 25. b4 Kd7 26. a4
Ng7 27. b5 Kd6 28. Kd3 Ne6 29. Kc3 h5 30. Kb4 c5+ 31. Kc3 h4 32. Ng1 Nd4 33. h3
Ke7 34. Kd3 Kf6 35. Kc3 a5 36. Kd3 1/2-1/2

[Event "14th 4NCL Congress"]
[Site "Wokefield"]
[Date "2017.07.15"]
[Round "2"]
[Board "24"]
[White "Brown, Geoffrey D"]
[Black "Jacob, Sydney J"]
[Result "0-1"]
[WhiteElo "1565"]
[BlackElo "1876"]
[PlyCount "64"]
[EventDate "2017.07.14"]
[EventRounds "5"]
[EventCountry "ENG"]

1. b3 e5 2. Bb2 Nc6 3. e3 Nf6 4. Bb5 d6 5. Bxc6+ bxc6 6. d3 Be7 7. Nd2 O-O 8.
Ne2 c5 9. O-O Bb7 10. e4 Nd7 11. Ng3 g6 12. f4 exf4 13. Rxf4 Bg5 14. Rf1 Rb8
15. Nc4 Nb6 16. Nxb6 cxb6 17. Qg4 Bc8 18. Qf3 Be6 19. Rae1 b5 20. Rf2 Qe7 21.
Qe2 a5 22. Ref1 Qd7 23. Qe1 a4 24. Qc3 f6 25. Rxf6 Be3+ 26. Kh1 Bd4 27. Qd2
Bxb2 28. c3 a3 29. e5 Rxf6 30. Rxf6 b4 31. Ne4 Bxc3 32. Qh6 Bxe5 0-1

[Event "14th 4NCL Congress"]
[Site "Wokefield"]
[Date "2017.07.15"]
[Round "2"]
[Board "25"]
[White "Wiratunga, Jenith Ay"]
[Black "Nandi, Robin J"]
[Result "0-1"]
[WhiteElo "1412"]
[BlackElo "1827"]
[PlyCount "58"]
[EventDate "2017.07.14"]
[EventRounds "5"]
[EventCountry "ENG"]

1. d4 Nf6 2. Nf3 d5 3. Bf4 c5 4. e3 Nc6 5. c3 Qb6 6. Qb3 c4 7. Qxb6 axb6 8.
Nbd2 Bf5 9. Be2 h6 10. O-O b5 11. Ne5 e6 12. Ndf3 Nxe5 13. Bxe5 b4 14. cxb4
Bxb4 15. a3 Be7 16. Nd2 O-O 17. f3 b5 18. g4 Bh7 19. f4 b4 20. axb4 Bxb4 21.
Nf3 Nxg4 22. h3 Nxe3 23. Rxa8 Rxa8 24. Rc1 Rc8 25. Kf2 Nf5 26. b3 c3 27. Nd2 f6
28. Bd1 fxe5 29. fxe5 Nxd4 0-1

[Event "14th 4NCL Congress"]
[Site "Wokefield"]
[Date "2017.07.15"]
[Round "2"]
[Board "26"]
[White "Hibbitt, Arthur M"]
[Black "Golding, William"]
[Result "1-0"]
[WhiteElo "1768"]
[BlackElo "1517"]
[PlyCount "91"]
[EventDate "2017.07.14"]
[EventRounds "5"]
[EventCountry "ENG"]

1. f4 Nf6 2. Nf3 e6 3. g3 b6 4. Bg2 d5 5. O-O Bb7 6. d3 c5 7. c3 Nc6 8. Na3 a6
9. Qe1 Be7 10. e4 O-O 11. Nc2 dxe4 12. dxe4 b5 13. h3 c4 14. Kh1 Qc7 15. Nfd4
Rfd8 16. e5 Nxd4 17. Nxd4 Bxg2+ 18. Kxg2 Qb7+ 19. Kh2 Ne4 20. f5 exf5 21. Nxf5
Nc5 22. Qe2 Ne6 23. Qg4 Kh8 24. Nd4 Rf8 25. Be3 Nxd4 26. Bxd4 Qd5 27. Rf5 Qe6
28. Qf3 a5 29. Rf1 Kg8 30. h4 b4 31. Qe4 Rab8 32. h5 bxc3 33. Bxc3 Bb4 34. R1f2
Bxc3 35. bxc3 Rb5 36. Rxf7 Qxf7 37. Rxf7 Rxf7 38. e6 Rf8 39. g4 Rc5 40. Kg3 Kh8
41. h6 Rcc8 42. Qe5 Rf6 43. hxg7+ Kxg7 44. g5 Rcf8 45. gxf6+ Rxf6 46. e7 1-0

[Event "14th 4NCL Congress"]
[Site "Wokefield"]
[Date "2017.07.15"]
[Round "3"]
[Board "1"]
[White "Tart, Peter K"]
[Black "Gregory, Keith Df"]
[Result "1/2-1/2"]
[WhiteElo "1914"]
[BlackElo "1985"]
[PlyCount "42"]
[EventDate "2017.07.14"]
[EventRounds "5"]
[EventCountry "ENG"]

1. e4 d6 2. d4 Nf6 3. Nc3 Nbd7 4. Nf3 e5 5. Bc4 h6 6. O-O Be7 7. dxe5 dxe5 8.
Qe2 c6 9. Rd1 Qc7 10. h3 Nc5 11. b4 Ne6 12. a3 Nh5 13. Be3 Nhf4 14. Qd2 g5 15.
Nd5 cxd5 16. Bb5+ Kf8 17. exd5 Bf6 18. dxe6 Bxe6 19. Qd6+ Qxd6 20. Rxd6 Kg7 21.
Rad1 Rhc8 1/2-1/2

[Event "14th 4NCL Congress"]
[Site "Wokefield"]
[Date "2017.07.15"]
[Round "3"]
[Board "2"]
[White "Shaw, Meyrick"]
[Black "Portman, Carl S"]
[Result "1-0"]
[WhiteElo "1943"]
[BlackElo "1887"]
[PlyCount "83"]
[EventDate "2017.07.14"]
[EventRounds "5"]
[EventCountry "ENG"]

1. d4 d5 2. Nf3 Nf6 3. g3 g6 4. Bg2 Bg7 5. O-O O-O 6. Bf4 c6 7. Qc1 Re8 8. c4
dxc4 9. Qxc4 Qd5 10. Ne5 Qxc4 11. Nxc4 Nd5 12. Be5 f6 13. Bxb8 Rxb8 14. e4 Nb4
15. Nc3 Be6 16. Ne3 Rbd8 17. Rfd1 Bf7 18. a3 Na6 19. b4 Nc7 20. Rac1 a6 21. d5
cxd5 22. Ncxd5 Nxd5 23. Nxd5 Bxd5 24. Rxd5 Rxd5 25. exd5 f5 26. Rc7 b6 27. a4
a5 28. bxa5 bxa5 29. Bf1 Be5 30. Ra7 Bc3 31. Bb5 Rd8 32. Rxe7 Kf8 33. Re3 Bb4
34. Bc6 Kf7 35. Kf1 Bc5 36. Rb3 Bb4 37. Ke2 Rb8 38. Rd3 Bd6 39. Bb5 Rb7 40. Rc3
Rc7 41. Bc6 Bb4 42. Be8+ 1-0

[Event "14th 4NCL Congress"]
[Site "Wokefield"]
[Date "2017.07.15"]
[Round "3"]
[Board "3"]
[White "Wolf, Gabriel"]
[Black "Tello, Yasser"]
[Result "1-0"]
[WhiteElo "1890"]
[BlackElo "1922"]
[PlyCount "131"]
[EventDate "2017.07.14"]
[EventRounds "5"]
[EventCountry "ENG"]

1. d4 Nf6 2. c4 e6 3. Nc3 d5 4. cxd5 exd5 5. Bg5 Be7 6. e3 h6 7. Bh4 O-O 8. Qc2
c6 9. Bd3 Re8 10. Nge2 Nbd7 11. O-O Ne4 12. Bxe7 Qxe7 13. Bxe4 dxe4 14. d5 Nf6
15. Rfd1 cxd5 16. Nxd5 Nxd5 17. Rxd5 b6 18. Qa4 b5 19. Qxb5 Be6 20. Rd2 Rab8
21. Qc6 Qb4 22. Qc3 Qa4 23. b3 Qa6 24. h3 Rbc8 25. Qb2 Rc5 26. Rc1 Qb6 27. Rxc5
Qxc5 28. Qd4 Qc7 29. Qxe4 Qb8 30. Qd3 a5 31. Nf4 Bc8 32. Qd6 Qa8 33. Nd5 Qa7
34. Nc7 Rf8 35. Nb5 Qa8 36. Nc7 Qa7 37. Rd4 Bb7 38. f3 Rc8 39. Nb5 Qa8 40. Kf2
Rc2+ 41. Rd2 Rc8 42. Qd4 Bc6 43. Nc3 Qb8 44. Na4 Qh2 45. Nb2 Re8 46. Qd6 Qxd6
47. Rxd6 Rc8 48. Ke2 Bb5+ 49. Kd2 Bf1 50. g4 Bxh3 51. Ra6 Rc5 52. Nc4 Rd5+ 53.
Ke2 f5 54. gxf5 Bxf5 55. e4 Bc8 56. Ra8 Rd8 57. Nb6 Ba6+ 58. Rxa6 Rb8 59. Ra8
Rxa8 60. Nxa8 Kf7 61. Nb6 g5 62. Nc4 Ke6 63. Nxa5 h5 64. Kf2 Ke5 65. Nc4+ Kd4
66. Kg3 1-0

[Event "14th 4NCL Congress"]
[Site "Wokefield"]
[Date "2017.07.15"]
[Round "3"]
[Board "4"]
[White "Lee, Anthony Kh"]
[Black "Dydak, Mateusz"]
[Result "0-1"]
[WhiteElo "1975"]
[BlackElo "1882"]
[PlyCount "94"]
[EventDate "2017.07.14"]
[EventRounds "5"]
[EventCountry "ENG"]

1. e4 e6 2. b3 d5 3. Bb2 Nf6 4. e5 Nfd7 5. f4 c5 6. Qg4 Nc6 7. Nf3 g6 8. Be2
Bg7 9. O-O O-O 10. Kh1 Re8 11. Na3 a6 12. c3 b5 13. d4 cxd4 14. cxd4 Bb7 15.
Nc2 b4 16. Ne3 a5 17. Bb5 Qb6 18. Ba4 Red8 19. Qh3 Ba6 20. Rfc1 Bb5 21. Nxd5
exd5 22. Bxb5 Qxb5 23. e6 Nf6 24. exf7+ Kh8 25. Rxc6 Qxc6 26. Ne5 Ne4 27. Nxc6
Nf2+ 28. Kg1 Nxh3+ 29. gxh3 Rdc8 30. Re1 Bf8 31. Ne5 Rc2 32. Bc1 Rac8 33. Be3
Rxa2 34. f5 Rcc2 35. Bf4 Kg7 36. fxg6 hxg6 37. Kh1 Rf2 38. Bg3 Rfe2 39. Rf1 a4
40. bxa4 b3 41. Nd3 Rad2 42. Be5+ Kh7 43. Nc1 Rf2 44. Rg1 b2 45. Nb3 Rc2 46. a5
Rf3 47. Na1 Rc1 0-1

[Event "14th 4NCL Congress"]
[Site "Wokefield"]
[Date "2017.07.15"]
[Round "3"]
[Board "5"]
[White "Jaufarally, Nadia"]
[Black "Bennett, Dominic L"]
[Result "0-1"]
[WhiteElo "1657"]
[BlackElo "1941"]
[PlyCount "120"]
[EventDate "2017.07.14"]
[EventRounds "5"]
[EventCountry "ENG"]

1. d4 e6 2. Bf4 c5 3. e3 Nf6 4. c3 Be7 5. Bd3 d6 6. h3 Nbd7 7. Nf3 b6 8. Nbd2
Nf8 9. Ne4 a6 10. a4 Bb7 11. Nxf6+ gxf6 12. Bg3 f5 13. Qb3 Nd7 14. h4 cxd4 15.
exd4 Rg8 16. O-O-O Nf6 17. Rde1 Nh5 18. Bxf5 Nxg3 19. fxg3 Bxf3 20. Bxe6 fxe6
21. gxf3 Rxg3 22. Qxe6 Qd7 23. Qf6 Rg8 24. Qh6 Ra7 25. Qxh7 Rf8 26. Qg6+ Kd8
27. h5 Qf5 28. Qxf5 Rxf5 29. h6 Bg5+ 30. Kc2 Rh7 31. Re6 Rf6 32. Rxf6 Bxf6 33.
f4 Be7 34. Kd3 Bf8 35. Ke4 Rxh6 36. Rxh6 {(=)} Bxh6 37. c4 a5 38. f5 Bg7 39.
Kd5 Kd7 40. b3 Bf6 41. c5 dxc5 42. dxc5 bxc5 43. Kxc5 Be7+ 44. Kd5 Bb4 45. f6
Ke8 46. Ke6 Kf8 47. f7 Bc3 48. Kd5 Kxf7 49. Kd6 Bb4+ 50. Kd5 Ke7 51. Ke5 Kd7
52. Kd5 Kc7 53. Kd4 Kd6 54. Kc4 Ke5 55. Kd3 Kd5 56. Ke3 Be7 57. Kd3 Kc5 58. Kc2
Kb4 59. Kb2 Bf6+ 60. Ka2 Be5 0-1